¿Puedes nombrar los capitales de todos los paises de América? - Estadísticas

Estadísticas generales
  • Esta prueba ha sido intentada 89 veces
  • La puntuación promedio es 24 de 35
Estadísticas de respuestas
Imagen Respuesta % Correcto
Buenos Aires
100%
Brasilia
95%
Montevideo
93%
Bogotá
89%
Caracas
89%
Asunción
88%
Santiago de Chile
88%
Washington
88%
Quito
87%
Lima
85%
Ottawa
85%
Ciudad de México
84%
La Paz / Sucre
84%
La Habana
83%
San Salvador
75%
Panamá
73%
Santo Domingo
73%
Managua
72%
Kingston
71%
Kingstown
71%
Tegucigalpa
71%
San José
69%
Puerto Príncipe
68%
Belmopán
61%
Georgetown
60%
Guatemala
60%
Nasáu
56%
Puerto España
53%
Paramaribo
51%
Saint John
41%
Bridgetown
37%
Saint George
36%
Basseterre
35%
Castries
33%
Roseau
32%
No se encontraron pruebas coincidentes
Distribución de puntuación
Porcentaje de gente con cada puntuación
Porcentaje por número respondido
Historial de tus puntuaciones
No has intentado esta prueba.